Guess the FC Barcelona player #3 - Statistics

General Stats
  • This quiz has been taken 28 times
  • The average score is 11 of 16
Answer Stats
Picture Answer % Correct
Jordi Alba
100%
Pep Guardiola
100%
Sergio Agüero
92%
Clément Lenglet
88%
Deco
88%
Sergi Roberto
88%
Yaya Touré
80%
Lucas Digne
68%
Marc Bernal
68%
Henrik Larsson
60%
Michael Laudrup
56%
Jari Litmanen
52%
Aleix Vidal
40%
Andoni Zubizarreta
36%
Ludovic Giuly
36%
Simão Sabrosa
16%
No matching quizzes found
Score Distribution
Percent of People with Each Score
Percentile by Number Answered
Your Score History
You have not taken this quiz